|
|
|
|
| LEADER |
00000nas a2200000 a 4500 |
| 001 |
vtls001474081 |
| 003 |
SK-MaSNL |
| 005 |
20260228160825.0 |
| 008 |
040429uuuuu IT uu a 0 0ita c |
| 020 |
|
|
|a 8885119948
|
| 035 |
|
|
|a SNK000429383
|
| 040 |
|
|
|a SNK
|b slo
|c SNK
|e AACR2
|
| 044 |
|
|
|a IT
|
| 245 |
1 |
|
|a I quaderni di Gaia
|
| 260 |
|
|
|a Roma
|b Sovera
|
| 300 |
|
|
|a zv.
|c 24 cm
|
| 310 |
|
|
|a Periodicita nie je známa
|
| 500 |
|
|
|a Podnázov v r. 1995: rivista di letteratura comparata
|
| 500 |
|
|
|a Popis podľa: Anno VI, n. 9 (1995)
|
| 655 |
|
7 |
|a BCA
|2 SNK
|9 267153
|
| 850 |
|
|
|a Slovenská národná knižnica v Martine
|
| 919 |
|
|
|a 88-85119-94-8
|
| 999 |
|
|
|c 3684
|d 5614
|
| 952 |
|
|
|0 0
|1 0
|4 0
|7 0
|8 3
|a SNK
|b SNK
|d 2004-04-29
|g 2.32
|i snkK 1289/2003
|l 0
|o snkČSC 3377/6/1995
|p 17A0416460
|r 2005-01-02 00:00:00
|w 2026-02-21
|y PREZ
|